000 00616nam a2200229Ia 4500
003 OSt
005 20221005133635.0
006 a|||||r|||| 00| 0
007 ta
008 221004b |||||||| |||| 00| 0 hin d
024 _a63423
037 _cTextual
040 _aCRL
_cCRL
_bhin
041 _2hin
_ahin
082 _aDelta2xM72x, 152K8.11
100 _aअरविन्द, ले.
245 0 _aवेद रहस्य
246 _aVed rahasya
260 _c1968
942 _hDelta2xM72x, 152K8.11
_cTEXL
_2cc
999 _c1067413
_d1067413